00743nam a2200193 a 450000100100000000500170001000800410002702000150006804000250008308200150010810000360012324501050015926000850026430000340034949000310038350000740041470000300048883000310051800002324520200930022102.0101130s2004 mx ab r 000 0 spa d a9685600058 aDO-SdBNPbspacBNPHU aNNNbR789i1 aRosas, María Cristina,d1965-10aIrak :bEl año que vivimos en el peligro /cMaría Cristina Rosas ; prólogo de Leonardo Curzio. aMéxico, D. F. : Universidad Nacional Autónoma de México :bQuimera,c2004. a258 p. :bil, mapas ;c21 cm.1 aRelaciones internacionales aIncluye referencias bibliográficas y notas al pie de las páginas.1 aCurzio, Leonardoepról. 0aRelaciones internacionales